00606nam a22001577a 450000500170000001000120001702000270002903700240005608200160008024501470009625000060024326000410024927001200029030000200041070000180043020260303145948.0 aBACEN26 a9789347303968c1280.00 bBharti Publications 21a343.0999 aNavigating Cyber Law Artificial Intelligence and Intellectual Property In the Information Age/cedited by Anuj Kumar Sinha {and} Ankita Kumari a1 aNew DelhibBharti Publicationsc2026 a4819/24, 2nd Floor, Mathur Lane Ansari Road, Darya GanjbNew Delhie110002k989897381mbhartipublications@gmail.com a378p.c23cm(Hb) aAnkita Kumari